002570000a220007300045001000021000002450069000213000047000907730046001371 aWinter, Ralph D.10aThe ethnolinguistic reality : Two dimensions of misunderstanding aVol. 11, Núm 4 (1994), Páginas 199-2020 tInternational Journal of Frontier Misions